000 00874nam a2200253Ia 4500
003 OSt
005 20220923212426.0
006 a|||||r|||| 00| 0
007 ta
008 220922b |||||||| |||| 00| 0 hin d
024 _a152,823
037 _cTextual
040 _aARTS
_cARTS
_bhin
041 _2hin
_ahin
082 _aO13,1:g(P:75), 152L7(EPH)
100 _aकौशिक, देवदत्त
_9156279
245 0 _aअरस्तु का त्रासदीविवेचन
246 _aArastu kā trāsadīvivechana
260 _aदिल्ली
_b मैकमिलन प्रकाशन
_c1977
300 _a10]127 पृ.
_ccm.
650 _aहिन्दी साहित्य
_9156264
942 _hO13,1:g(P:75), 152L7(EPH)
_cTEXL
_2CC
999 _c308472
_d308472